<?xml version="1.0" encoding="UTF-8"?>
<record
    xmlns:xsi="http://www.w3.org/2001/XMLSchema-instance"
    xsi:schemaLocation="http://www.loc.gov/MARC21/slim http://www.loc.gov/standards/marcxml/schema/MARC21slim.xsd"
    xmlns="http://www.loc.gov/MARC21/slim">

  <leader>00832nam a22001817a 4500</leader>
  <controlfield tag="003">OSt</controlfield>
  <controlfield tag="008">260623b        |||||||| |||| 00| 0 eng d</controlfield>
  <datafield tag="020" ind1=" " ind2=" ">
    <subfield code="a">9780128225622</subfield>
  </datafield>
  <datafield tag="082" ind1=" " ind2=" ">
    <subfield code="a">333.9503 </subfield>
    <subfield code="b">S31E</subfield>
  </datafield>
  <datafield tag="245" ind1=" " ind2=" ">
    <subfield code="a">Encyclopedia of Biodiversity / edited by Samuel  M. Scheiner</subfield>
  </datafield>
  <datafield tag="250" ind1=" " ind2=" ">
    <subfield code="a">3rd. ed.</subfield>
  </datafield>
  <datafield tag="260" ind1=" " ind2=" ">
    <subfield code="a">Amsterdam:</subfield>
    <subfield code="b">Elsevier,</subfield>
    <subfield code="c">2024.</subfield>
  </datafield>
  <datafield tag="300" ind1=" " ind2=" ">
    <subfield code="a">xvii, 751 p.</subfield>
  </datafield>
  <datafield tag="500" ind1=" " ind2=" ">
    <subfield code="a">7 Vol. set ;  Vol. 1 - Places and habitats,
                   Vol. 2 - Organism
                   Vol. 3- Humans and their effects
                    Vol. 4 -Humans and conservation
                    Vol. 5 -Ecology theory
                     Vol. 6 - Meat Science
                     Vol. 7 - Evolution</subfield>
  </datafield>
  <datafield tag="650" ind1=" " ind2=" ">
    <subfield code="a"> Social Sciences | Economics | Biodiversity | Encyclopedia</subfield>
  </datafield>
  <datafield tag="700" ind1=" " ind2=" ">
    <subfield code="a">Scheiner, Samuel  M. </subfield>
  </datafield>
  <datafield tag="942" ind1=" " ind2=" ">
    <subfield code="2">ddc</subfield>
    <subfield code="c">BK</subfield>
  </datafield>
  <datafield tag="999" ind1=" " ind2=" ">
    <subfield code="c">52214</subfield>
    <subfield code="d">52214</subfield>
  </datafield>
  <datafield tag="952" ind1=" " ind2=" ">
    <subfield code="0">0</subfield>
    <subfield code="1">0</subfield>
    <subfield code="2">ddc</subfield>
    <subfield code="4">0</subfield>
    <subfield code="7">1</subfield>
    <subfield code="a">RAU</subfield>
    <subfield code="b">RAU</subfield>
    <subfield code="c">REF</subfield>
    <subfield code="d">2026-06-23</subfield>
    <subfield code="e">IBPSS, </subfield>
    <subfield code="g">25804.00</subfield>
    <subfield code="o">R 333.9503  S31E</subfield>
    <subfield code="p">87500</subfield>
    <subfield code="r">2026-06-23</subfield>
    <subfield code="w">2026-01-28</subfield>
    <subfield code="y">BK</subfield>
    <subfield code="z">Vol.7</subfield>
    <subfield code="k"> Invoice No. IBPS/021/2025-26,  </subfield>
  </datafield>
  <datafield tag="952" ind1=" " ind2=" ">
    <subfield code="0">0</subfield>
    <subfield code="1">0</subfield>
    <subfield code="2">ddc</subfield>
    <subfield code="4">0</subfield>
    <subfield code="7">1</subfield>
    <subfield code="8">REF</subfield>
    <subfield code="a">RAU</subfield>
    <subfield code="b">RAU</subfield>
    <subfield code="c">REF</subfield>
    <subfield code="d">2026-06-24</subfield>
    <subfield code="o">R 333.9503  S31E</subfield>
    <subfield code="p">87494</subfield>
    <subfield code="r">2026-06-24</subfield>
    <subfield code="w">2026-06-24</subfield>
    <subfield code="y">BK</subfield>
    <subfield code="z">Vol.1</subfield>
  </datafield>
  <datafield tag="952" ind1=" " ind2=" ">
    <subfield code="0">0</subfield>
    <subfield code="1">0</subfield>
    <subfield code="2">ddc</subfield>
    <subfield code="4">0</subfield>
    <subfield code="7">1</subfield>
    <subfield code="8">REF</subfield>
    <subfield code="a">RAU</subfield>
    <subfield code="b">RAU</subfield>
    <subfield code="c">REF</subfield>
    <subfield code="d">2026-06-24</subfield>
    <subfield code="l">0</subfield>
    <subfield code="o">R 333.9503  S31E</subfield>
    <subfield code="p">87495</subfield>
    <subfield code="r">2026-06-24</subfield>
    <subfield code="w">2026-06-24</subfield>
    <subfield code="y">BK</subfield>
    <subfield code="z">Vol. 2</subfield>
  </datafield>
  <datafield tag="952" ind1=" " ind2=" ">
    <subfield code="0">0</subfield>
    <subfield code="1">0</subfield>
    <subfield code="2">ddc</subfield>
    <subfield code="4">0</subfield>
    <subfield code="7">1</subfield>
    <subfield code="8">REF</subfield>
    <subfield code="a">RAU</subfield>
    <subfield code="b">RAU</subfield>
    <subfield code="c">REF</subfield>
    <subfield code="d">2026-06-24</subfield>
    <subfield code="o">R 333.9503  S31E</subfield>
    <subfield code="p">87496</subfield>
    <subfield code="r">2026-06-24</subfield>
    <subfield code="w">2026-06-24</subfield>
    <subfield code="y">BK</subfield>
    <subfield code="z">Vol. 3</subfield>
  </datafield>
  <datafield tag="952" ind1=" " ind2=" ">
    <subfield code="0">0</subfield>
    <subfield code="1">0</subfield>
    <subfield code="2">ddc</subfield>
    <subfield code="4">0</subfield>
    <subfield code="7">1</subfield>
    <subfield code="8">REF</subfield>
    <subfield code="a">RAU</subfield>
    <subfield code="b">RAU</subfield>
    <subfield code="c">REF</subfield>
    <subfield code="d">2026-06-24</subfield>
    <subfield code="o">R 333.9503  S31E</subfield>
    <subfield code="p">87497</subfield>
    <subfield code="r">2026-06-24</subfield>
    <subfield code="w">2026-06-24</subfield>
    <subfield code="y">BK</subfield>
    <subfield code="z">Vol. 4</subfield>
  </datafield>
  <datafield tag="952" ind1=" " ind2=" ">
    <subfield code="0">0</subfield>
    <subfield code="1">0</subfield>
    <subfield code="2">ddc</subfield>
    <subfield code="4">0</subfield>
    <subfield code="7">1</subfield>
    <subfield code="8">REF</subfield>
    <subfield code="a">RAU</subfield>
    <subfield code="b">RAU</subfield>
    <subfield code="c">REF</subfield>
    <subfield code="d">2026-06-24</subfield>
    <subfield code="l">0</subfield>
    <subfield code="o">R 333.9503  S31E</subfield>
    <subfield code="p">87498</subfield>
    <subfield code="r">2026-06-24</subfield>
    <subfield code="w">2026-06-24</subfield>
    <subfield code="y">BK</subfield>
    <subfield code="z">Vol. 5</subfield>
  </datafield>
  <datafield tag="952" ind1=" " ind2=" ">
    <subfield code="0">0</subfield>
    <subfield code="1">0</subfield>
    <subfield code="2">ddc</subfield>
    <subfield code="4">0</subfield>
    <subfield code="7">1</subfield>
    <subfield code="8">REF</subfield>
    <subfield code="a">RAU</subfield>
    <subfield code="b">RAU</subfield>
    <subfield code="c">REF</subfield>
    <subfield code="d">2026-06-24</subfield>
    <subfield code="l">0</subfield>
    <subfield code="o">R 333.9503  S31E</subfield>
    <subfield code="p">87499</subfield>
    <subfield code="r">2026-06-24</subfield>
    <subfield code="w">2026-06-24</subfield>
    <subfield code="y">BK</subfield>
    <subfield code="z">Vol. 6</subfield>
  </datafield>
</record>
